000 00303nam a22001337a 4500
008 181022b xxu||||| |||| 00| 0 eng d
020 _a0130603694
041 _aeng
080 _a621
100 _a27
101 _aENG
245 _aBasic Engineering Electromagnetics
_cCoren.R.L
942 _2udc
_cBK
999 _c50422
_d50422